| 000 | 01489nam a22003977a 4500 | ||
|---|---|---|---|
| 003 | CHAP | ||
| 005 | 20220817042953.0 | ||
| 008 | 971013s1996 r 00010 d | ||
| 010 | _a61481 | ||
| 011 | _a62453 | ||
| 035 | _a66627 | ||
| 040 | _cCHAP | ||
| 090 | _aTesis | ||
| 100 | 0 | 0 |
_aAngel Sarmiento, Felipe del. _95758 |
| 245 | _aImpliciaciones del Acuerdo de Complementación Económica (ACE) entre México y Chile en el sector agroalimentario mexicano | ||
| 260 |
_aChapingo, Méx. : _bEl autor, _c1996 |
||
| 300 |
_a84 h. _b: gráfs. |
||
| 502 | _aTesis (Lic. en Comercio Internacional de Productos Agropecuarios) -- UACH. Departamento de Economía Agrícola | ||
| 590 |
_aALEPH _b10 _c20130110 _lUCH01 _h1342 |
||
| 590 |
_aBATCH-UPD _b10 _c20130110 _lUCH01 _h0531 |
||
| 590 |
_aBATCH-UPD _b10 _c20130110 _lUCH01 _h2329 |
||
| 590 |
_aBATCH-UPD _b10 _c20130410 _lUCH01 _h0211 |
||
| 590 |
_aBATCH-UPD _b10 _c20130410 _lUCH01 _h1619 |
||
| 590 |
_aBATCH-UPD _b10 _c20130914 _lUCH01 _h0331 |
||
| 590 |
_aBATCH-UPD _b10 _c20130914 _lUCH01 _h1939 |
||
| 590 |
_aCONVERSION _b10 _c20130109 _lUCH01 _h1333 |
||
| 650 | 1 | 4 |
_aChile _xTratados. _922340 |
| 650 | 1 | 4 |
_aMéxico _xComercio _zChile. _976714 |
| 650 | 1 | 4 |
_aProductos agrícolas _xMercadeo. _991951 |
| 650 | 1 | 4 | _aTratado Trilateral de Libre Comercio. |
| 650 | 1 | 4 |
_aTratados _xMéxico. _9114693 |
| 901 | _aBK | ||
| 942 | _cFOLL | ||
| 949 |
_bBC _cTES _d-151846 _eTS1 _h29953 _i66627 _si |
||
| 949 |
_bBC _cTES _d33724000623849 _eTS2 _fc.2 _h29953 _i66627 _si |
||
| 999 |
_c61481 _d61481 |
||